000 00756nam a2200217 a 4500
005 20210223130608.0
008 080821s1982 mx r 000 0 spa d
035 _aUPN01000159394
049 _aUNE
080 _a393 -053.2 (-77)=20 ROH No.121.
100 1 _aRohde, Jon Eliot
245 1 0 _aWhy the other half dies :
_bthe science and politics of child mortality in the third world /
_cby Jon Eliot Rohde.
260 _aParís :
_bUNESCO ;
_aNew York :
_bUNICEF,
_c1982.
300 _a21 p. :
_bfot.
440 0 _aNotes, comments... ;
_v121
690 _aNiños - Mortalidad - Paises en desarrollo
690 _aMortalidad - Niños - Paises en desarrollo
710 2 _aUNICEF
_924085
710 2 _aPrograma de Alimentación Mundial
905 _aUNESCO
999 _c131508
_d131508